| 000 | 00420nam a2200157Ia 4500 | ||
|---|---|---|---|
| 008 | 210716s2009 xx 000 0 und d | ||
| 020 | _a9788131501153 | ||
| 041 | _aeng | ||
| 082 | _a005.73 DROA | ||
| 100 | _aDrozdek, Adam. | ||
| 245 | _aData structures and algorithms in c++. | ||
| 250 | _a3 | ||
| 260 |
_aNew Delhi _bCengage Learning India Pvt Ltd _c2009 |
||
| 300 | _axvi,758 | ||
| 650 | _aData Structures(005.73) | ||
| 999 |
_c189917 _d189917 |
||